[Event "Bundesliga 9798"]
[Site "Deutschland"]
[Date "1997.??.??"]
[Round "?.5"]
[White "Werner, Dimo"]
[Black "Heinemann, Thies"]
[Result "0-1"]
[WhiteElo "2420"]
[BlackElo "2450"]
[PlyCount "122"]
[EventDate "1997.10.??"]
[EventType "team"]
[EventRounds "15"]
[EventCountry "GER"]
[SourceTitle "Bundesliga 9798"]
[Source "DeepChess"]
[SourceDate "2005.01.01"]
[SourceVersion "1"]
[SourceVersionDate "2005.01.01"]
[SourceQuality "1"]
[WhiteTeam "SC Anderssen St.Ingbert 1920 e.V."]
[BlackTeam "Hamburger SK 1830 e.V."]
[WhiteTeamCountry "GER"]
[BlackTeamCountry "GER"]

1. e4 c5 2. Nf3 d6 3. c3 Nf6 4. h3 Nc6 5. Bd3 g6 6. O-O Bg7 7. Bc2 e5 8. d3 O-O
9. Be3 b6 10. Re1 Bb7 11. Nbd2 d5 12. Bg5 Re8 13. Bb3 Na5 14. Ba4 Bc6 15. b4
cxb4 16. cxb4 Qd7 17. Bxc6 Nxc6 18. Bxf6 Bxf6 19. Qa4 b5 20. Qb3 d4 21. Rec1
Re6 22. Rc5 Qb7 23. a4 bxa4 24. Rxa4 Be7 25. Rd5 Bxb4 26. Nxe5 Rxe5 27. Rxe5
Rb8 28. Rxb4 Qxb4 29. Qxb4 Nxb4 30. Nf3 Nxd3 31. Rd5 Rb1+ 32. Kh2 Nxf2 33. Rxd4
Rd1 34. Ra4 Rd7 35. Ne5 Rc7 36. Rd4 f6 37. Nc4 Re7 38. Nd2 Nd1 39. Nb1 Ne3 40.
Nc3 Rc7 41. Nd5 Nxd5 42. Rxd5 Re7 43. Ra5 Kf8 44. Kg3 Ke8 45. Kf4 Kd8 46. Ra6
Rf7 47. h4 Kc8 48. h5 Kb7 49. hxg6 hxg6 50. Ra3 Kb6 51. Rb3+ Kc5 52. Rc3+ Kb4
53. Rg3 Rg7 54. e5 g5+ 55. Kf5 fxe5 56. Kf6 Rg8 57. Kf7 Rc8 58. Rxg5 Rc5 59.
Rg8 a5 60. g4 a4 61. g5 a3 0-1

[Event "Bundesliga 9798"]
[Site "Deutschland"]
[Date "1997.??.??"]
[Round "?.6"]
[White "Michaelsen, Nils"]
[Black "Becker, Marc"]
[Result "1-0"]
[WhiteElo "2430"]
[BlackElo "2430"]
[PlyCount "69"]
[EventDate "1997.10.??"]
[EventType "team"]
[EventRounds "15"]
[EventCountry "GER"]
[SourceTitle "Bundesliga 9798"]
[Source "DeepChess"]
[SourceDate "2005.01.01"]
[SourceVersion "1"]
[SourceVersionDate "2005.01.01"]
[SourceQuality "1"]
[WhiteTeam "Hamburger SK 1830 e.V."]
[BlackTeam "SC Anderssen St.Ingbert 1920 e.V."]
[WhiteTeamCountry "GER"]
[BlackTeamCountry "GER"]

1. d4 Nf6 2. c4 e6 3. Nc3 Bb4 4. Qc2 O-O 5. a3 Bxc3+ 6. Qxc3 b6 7. Bg5 c5 8.
dxc5 bxc5 9. e3 Bb7 10. f3 a5 11. Bd3 d6 12. Ne2 Nbd7 13. O-O Ra6 14. Rad1 a4
15. Qc2 Qa8 16. Nc3 Rb8 17. Be2 Ne8 18. e4 Ne5 19. Nb5 Nc6 20. Be3 Rd8 21. Bd3
e5 22. Qf2 Rb6 23. f4 Nf6 24. Qh4 Nd4 25. Bxd4 cxd4 26. Nxd6 exf4 27. Nxb7 Rxb7
28. e5 Rxb2 29. Rf3 Nd7 30. Bxh7+ Kf8 31. Qxf4 Nxe5 32. Qxe5 Qa7 33. c5 Rb5 34.
Rdf1 Rd7 35. Bg6 1-0

[Event "Bundesliga 9798"]
[Site "Deutschland"]
[Date "1997.??.??"]
[Round "?.7"]
[White "Gross, Georg"]
[Black "Wilhelmi, Christian"]
[Result "1/2-1/2"]
[WhiteElo "2360"]
[BlackElo "2405"]
[PlyCount "180"]
[EventDate "1997.10.??"]
[EventType "team"]
[EventRounds "15"]
[EventCountry "GER"]
[SourceTitle "Bundesliga 9798"]
[Source "DeepChess"]
[SourceDate "2005.01.01"]
[SourceVersion "1"]
[SourceVersionDate "2005.01.01"]
[SourceQuality "1"]
[WhiteTeam "SC Anderssen St.Ingbert 1920 e.V."]
[BlackTeam "Hamburger SK 1830 e.V."]
[WhiteTeamCountry "GER"]
[BlackTeamCountry "GER"]

1. d4 Nf6 2. Nf3 g6 3. g3 Bg7 4. Bg2 d5 5. O-O O-O 6. Bf4 c5 7. dxc5 Nc6 8. Nc3
d4 9. Nb5 Nd5 10. Bg5 h6 11. Bc1 Nc7 12. Nxc7 Qxc7 13. Rb1 Qa5 14. b4 Qxa2 15.
Bb2 Rd8 16. b5 Na5 17. Bc3 Be6 18. Ra1 dxc3 19. Rxa2 Rxd1 20. Rxa5 Rdd8 21.
Rfa1 Bc4 22. Ne1 Rac8 23. Rxa7 Bxb5 24. Rxb7 Rxc5 25. Rxe7 Bf6 26. Re4 Rd2 27.
Bf1 Bc6 28. Rf4 Kg7 29. Nd3 Rf5 30. Rxf5 gxf5 31. Rc1 Be4 32. Ne1 Be7 33. Bg2
Ba3 34. Ra1 Bb2 35. Rb1 Rxe2 36. Bxe4 fxe4 37. Kf1 Rd2 38. h4 Kf6 39. g4 Ke5
40. g5 hxg5 41. hxg5 Kf4 42. g6 fxg6 43. Ng2+ Kf3 44. Ne1+ Kg4 45. Ng2 e3 46.
Re1 Rxf2+ 47. Kg1 Rd2 48. Kf1 Ba3 49. Rxe3 Rxc2 50. Re6 Kf5 51. Rc6 Rc1+ 52.
Ke2 Kg5 53. Ne3 Bf8 54. Nd5 Bg7 55. Ne7 Bf6 56. Nd5 Be5 57. Ne7 Rh1 58. Rxg6+
Kf4 59. Nd5+ Ke4 60. Nxc3+ Bxc3 61. Rg4+ Kd5 62. Rf4 Bd4 63. Rg4 Rh3 64. Kd2
Re3 65. Rg8 Re7 66. Kd3 Re3+ 67. Kd2 Ra3 68. Rc8 Ke4 69. Re8+ Be5 70. Rc8 Rh3
71. Kc2 Rh2+ 72. Kb3 Rb2+ 73. Ka3 Rb7 74. Ka4 Bd4 75. Ka5 Kd5 76. Ka6 Rb6+ 77.
Ka5 Rb1 78. Ka4 Bc5 79. Rh8 Kc4 80. Rh4+ Bd4 81. Rh3 Ra1+ 82. Ra3 Re1 83. Rh3
Bf2 84. Ka3 Re2 85. Ka4 Be1 86. Rf3 Bd2 87. Rg3 Bf4 88. Rh3 Rf2 89. Ka5 Bc7+
90. Ka6 Ra2+ 1/2-1/2

[Event "Bundesliga 9798"]
[Site "Deutschland"]
[Date "1997.??.??"]
[Round "?.8"]
[White "Sievers, Stefan"]
[Black "Kummerow, Heiko"]
[Result "0-1"]
[WhiteElo "2365"]
[BlackElo "2300"]
[PlyCount "48"]
[EventDate "1997.10.??"]
[EventType "team"]
[EventRounds "15"]
[EventCountry "GER"]
[SourceTitle "Bundesliga 9798"]
[Source "DeepChess"]
[SourceDate "2005.01.01"]
[SourceVersion "1"]
[SourceVersionDate "2005.01.01"]
[SourceQuality "1"]
[WhiteTeam "Hamburger SK 1830 e.V."]
[BlackTeam "SC Anderssen St.Ingbert 1920 e.V."]
[WhiteTeamCountry "GER"]
[BlackTeamCountry "GER"]

1. e4 e6 2. d4 d5 3. Nc3 Bb4 4. e5 c5 5. a3 Bxc3+ 6. bxc3 Ne7 7. Qg4 Qc7 8.
Qxg7 Rg8 9. Qxh7 cxd4 10. Ne2 Nbc6 11. f4 Bd7 12. Qd3 dxc3 13. Be3 Nf5 14. Bf2
d4 15. h3 Qa5 16. Nxd4 Ncxd4 17. Bxd4 Rg3 18. Qd1 O-O-O 19. Bf2 Ba4 20. Qe2 Rd2
21. Qc4+ Kb8 22. Qb4 Qd8 23. Qxa4 Re3+ 24. Bxe3 Qh4+ 0-1

[Event "Bundesliga 9798"]
[Site "Deutschland"]
[Date "1998.??.??"]
[Round "?.1"]
[White "Ftacnik, Lubomir"]
[Black "Stohl, Igor"]
[Result "1/2-1/2"]
[WhiteElo "2585"]
[BlackElo "2565"]
[PlyCount "86"]
[EventDate "1997.10.??"]
[EventType "team"]
[EventRounds "15"]
[EventCountry "GER"]
[SourceTitle "Bundesliga 9798"]
[Source "DeepChess"]
[SourceDate "2005.01.01"]
[SourceVersion "1"]
[SourceVersionDate "2005.01.01"]
[SourceQuality "1"]
[WhiteTeam "Hamburger SK 1830 e.V."]
[BlackTeam "SF Neukoelln 03 e.V."]
[WhiteTeamCountry "GER"]
[BlackTeamCountry "GER"]

1. d4 Nf6 2. c4 e6 3. Nf3 b6 4. g3 Ba6 5. Nbd2 c5 6. Bg2 Nc6 7. dxc5 Bxc5 8. a3
Bb7 9. b4 Be7 10. Bb2 O-O 11. O-O Rc8 12. Qb1 d5 13. Rd1 Qc7 14. cxd5 Nxd5 15.
e4 Nf6 16. e5 Nd5 17. Qe4 Ncxb4 18. axb4 Nc3 19. Bxc3 Bxe4 20. Nxe4 Rfd8 21.
Nd4 a6 22. Rd2 Rd5 23. Rxa6 Rxe5 24. Nc6 Qxc6 25. Nf6+ Bxf6 26. Bxc6 Re1+ 27.
Kg2 Bxc3 28. Rd3 Bxb4 29. Rxb6 Bc5 30. Rb5 Rc1 31. Bb7 Rb8 32. Rd2 g6 33. Bc6
Rc8 34. Be4 f5 35. Bb1 Rc7 36. Ba2 Kf7 37. Re2 Re7 38. Rbb2 Kf6 39. Rbc2 Rxc2
40. Rxc2 Bd4 41. Rc6 g5 42. f4 g4 43. h3 h5 1/2-1/2

[Event "Bundesliga 9798"]
[Site "Deutschland"]
[Date "1998.??.??"]
[Round "?.2"]
[White "Baburin, Alexander"]
[Black "Wahls, Matthias"]
[Result "0-1"]
[WhiteElo "2570"]
[BlackElo "2595"]
[PlyCount "64"]
[EventDate "1997.10.??"]
[EventType "team"]
[EventRounds "15"]
[EventCountry "GER"]
[SourceTitle "Bundesliga 9798"]
[Source "DeepChess"]
[SourceDate "2005.01.01"]
[SourceVersion "1"]
[SourceVersionDate "2005.01.01"]
[SourceQuality "1"]
[WhiteTeam "SF Neukoelln 03 e.V."]
[BlackTeam "Hamburger SK 1830 e.V."]
[WhiteTeamCountry "GER"]
[BlackTeamCountry "GER"]

1. d4 Nf6 2. c4 e6 3. Nc3 Bb4 4. Qc2 c5 5. dxc5 O-O 6. a3 Bxc5 7. Nf3 b6 8. Bf4
Bb7 9. Rd1 Nh5 10. Bc1 Nf6 11. e3 Be7 12. b3 a6 13. Bb2 Qc7 14. Ng5 Rc8 15. h4
h6 16. Rh3 Nc6 17. Be2 Ne5 18. f4 Ng6 19. Bd3 Nf8 20. Nge4 Ng4 21. Qe2 f5 22.
h5 Nh7 23. Bb1 Nhf6 24. Nxf6+ Bxf6 25. Na4 b5 26. Bxf6 Nxf6 27. Nb2 Qa5+ 28.
Kf1 Qxa3 29. Rg3 d5 30. cxd5 Bxd5 31. e4 Bxe4 32. Qd2 Nxh5 0-1

[Event "Bundesliga 9798"]
[Site "Deutschland"]
[Date "1998.??.??"]
[Round "?.3"]
[White "Mueller, Karsten"]
[Black "Hellsten, Johan"]
[Result "0-1"]
[WhiteElo "2505"]
[BlackElo "2495"]
[PlyCount "50"]
[EventDate "1997.10.??"]
[EventType "team"]
[EventRounds "15"]
[EventCountry "GER"]
[SourceTitle "Bundesliga 9798"]
[Source "DeepChess"]
[SourceDate "2005.01.01"]
[SourceVersion "1"]
[SourceVersionDate "2005.01.01"]
[SourceQuality "1"]
[WhiteTeam "Hamburger SK 1830 e.V."]
[BlackTeam "SF Neukoelln 03 e.V."]
[WhiteTeamCountry "GER"]
[BlackTeamCountry "GER"]

1. e4 c5 2. Nf3 e6 3. d4 cxd4 4. Nxd4 a6 5. Bd3 Qb6 6. Nb3 Qc7 7. O-O Nf6 8. f4
d6 9. Nc3 b5 10. e5 Nfd7 11. exd6 Bxd6 12. Be3 Be7 13. Qg4 Nf6 14. Qh3 Bb7 15.
Rae1 b4 16. Nb1 Nbd7 17. N1d2 Nd5 18. f5 e5 19. Ne4 N5f6 20. Nbd2 Nxe4 21. Nxe4
Nf6 22. Nxf6+ gxf6 23. Qg4 h5 24. Qg7 O-O-O 25. Qxf7 Bd5 0-1

[Event "Bundesliga 9798"]
[Site "Deutschland"]
[Date "1998.??.??"]
[Round "?.4"]
[White "Polzin, Rainer"]
[Black "Heinemann, Thies"]
[Result "0-1"]
[WhiteElo "2445"]
[BlackElo "2450"]
[PlyCount "144"]
[EventDate "1997.10.??"]
[EventType "team"]
[EventRounds "15"]
[EventCountry "GER"]
[SourceTitle "Bundesliga 9798"]
[Source "DeepChess"]
[SourceDate "2005.01.01"]
[SourceVersion "1"]
[SourceVersionDate "2005.01.01"]
[SourceQuality "1"]
[WhiteTeam "SF Neukoelln 03 e.V."]
[BlackTeam "Hamburger SK 1830 e.V."]
[WhiteTeamCountry "GER"]
[BlackTeamCountry "GER"]

1. e4 c5 2. Nf3 d6 3. d4 cxd4 4. Nxd4 Nf6 5. Nc3 a6 6. f4 e5 7. Nf3 Nbd7 8. a4
Be7 9. Bd3 O-O 10. O-O Nc5 11. Kh1 exf4 12. Bxf4 Bd7 13. Qe2 Rc8 14. a5 Re8 15.
Be3 Ng4 16. Bd4 Bf6 17. h3 Bxd4 18. Nxd4 Ne5 19. Qh5 f6 20. Nd5 Ncxd3 21. cxd3
Nxd3 22. Ra3 Re5 23. Qh4 Nc5 24. Rf4 f5 25. Qxd8+ Rxd8 26. Nxf5 Bxf5 27. Rxf5
Nxe4 28. Rxe5 dxe5 29. Ne3 Rd4 30. Rb3 Nd6 31. Rc3 Rb4 32. Rc7 Rxb2 33. Rd7 Nf7
34. Nc4 Rb5 35. Rc7 h6 36. Kg1 Ng5 37. h4 Ne4 38. Ne3 Nf6 39. Nf5 Ne8 40. Rd7
Kf8 41. Kf2 Rxa5 42. Rxb7 Rc5 43. g4 Rc7 44. Rb8 Kf7 45. Ra8 Rc6 46. Ra7+ Nc7
47. Kf3 Kf6 48. Ne3 Ke6 49. Nf5 Rc3+ 50. Ke4 Rc4+ 51. Kf3 Kd7 52. Rb7 h5 53.
Nxg7 Rxg4 54. Nxh5 Rxh4 55. Ng3 Kc6 56. Rb8 Rf4+ 57. Ke2 a5 58. Rb1 a4 59. Kd2
Rd4+ 60. Kc2 Nb5 61. Re1 Rc4+ 62. Kb1 Kd5 63. Nf5 Rb4+ 64. Ka1 e4 65. Ne3+ Ke5
66. Ng4+ Kf4 67. Nf6 Kf3 68. Rf1+ Ke2 69. Rh1 Nc3 70. Nh5 e3 71. Ng3+ Kf3 72.
Rf1+ Kxg3 0-1

[Event "Bundesliga 9798"]
[Site "Deutschland"]
[Date "1998.??.??"]
[Round "?.5"]
[White "Michaelsen, Nils"]
[Black "Bunzmann, Dimitrij"]
[Result "1-0"]
[WhiteElo "2430"]
[BlackElo "2370"]
[PlyCount "81"]
[EventDate "1997.10.??"]
[EventType "team"]
[EventRounds "15"]
[EventCountry "GER"]
[SourceTitle "Bundesliga 9798"]
[Source "DeepChess"]
[SourceDate "2005.01.01"]
[SourceVersion "1"]
[SourceVersionDate "2005.01.01"]
[SourceQuality "1"]
[WhiteTeam "Hamburger SK 1830 e.V."]
[BlackTeam "SF Neukoelln 03 e.V."]
[WhiteTeamCountry "GER"]
[BlackTeamCountry "GER"]

1. d4 e6 2. c4 b6 3. Nc3 Bb7 4. e3 Bb4 5. Qb3 c5 6. dxc5 Bxc5 7. Nf3 Nf6 8. Be2
Nc6 9. a3 Rc8 10. O-O Na5 11. Qa2 Be7 12. b4 Bxf3 13. gxf3 Nc6 14. Bb2 O-O 15.
Rad1 Qc7 16. Nb5 Qb8 17. Kh1 a6 18. Nd4 a5 19. Rg1 Ne5 20. Qb3 axb4 21. axb4
Ng6 22. Nb5 Rfd8 23. Nd4 Nh4 24. Rg3 Bd6 25. Rh3 Ng6 26. f4 Ne4 27. Kg1 Be7 28.
f5 Nh4 29. f3 Nd6 30. fxe6 dxe6 31. b5 Ndf5 32. Nc6 Rxd1+ 33. Qxd1 Qb7 34. e4
Bc5+ 35. Kh1 Ne3 36. Qd2 Ng6 37. Rg3 Qa8 38. Bd4 Bxd4 39. Qxd4 Nc2 40. Qb2 Ne3
41. Ne7+ 1-0

[Event "Bundesliga 9798"]
[Site "Deutschland"]
[Date "1998.??.??"]
[Round "?.6"]
[White "Schoene, Ralf"]
[Black "Wilhelmi, Christian"]
[Result "0-1"]
[WhiteElo "2435"]
[BlackElo "2405"]
[PlyCount "72"]
[EventDate "1997.10.??"]
[EventType "team"]
[EventRounds "15"]
[EventCountry "GER"]
[SourceTitle "Bundesliga 9798"]
[Source "DeepChess"]
[SourceDate "2005.01.01"]
[SourceVersion "1"]
[SourceVersionDate "2005.01.01"]
[SourceQuality "1"]
[WhiteTeam "SF Neukoelln 03 e.V."]
[BlackTeam "Hamburger SK 1830 e.V."]
[WhiteTeamCountry "GER"]
[BlackTeamCountry "GER"]

1. c4 c5 2. b3 Nc6 3. Bb2 e5 4. e3 g6 5. d3 Bg7 6. Nf3 Nge7 7. Nbd2 O-O 8. Rc1
d6 9. Qc2 h6 10. Be2 f5 11. O-O g5 12. Ne1 f4 13. Ne4 g4 14. exf4 exf4 15. Bxg7
Kxg7 16. Qb2+ Nd4 17. Nc2 Nec6 18. f3 h5 19. Rf2 Kh7 20. Rcf1 Nxe2+ 21. Rxe2
gxf3 22. gxf3 Bh3 23. Rd1 Qh4 24. Kh1 Ne5 25. d4 Nxf3 26. dxc5 Rae8 27. Nd4
Nxd4 28. Qxd4 Bg4 29. Rg2 f3 30. Rg3 Rf4 31. Re1 f2 32. Rf1 Rexe4 33. Qxd6 Bf3+
34. Rxf3 Rxf3 35. Qd7+ Re7 36. Qd5 Qg4 0-1

[Event "Bundesliga 9798"]
[Site "Deutschland"]
[Date "1998.??.??"]
[Round "?.7"]
[White "Sievers, Stefan"]
[Black "Berndt, Stephan"]
[Result "1/2-1/2"]
[WhiteElo "2365"]
[BlackElo "2360"]
[PlyCount "94"]
[EventDate "1997.10.??"]
[EventType "team"]
[EventRounds "15"]
[EventCountry "GER"]
[SourceTitle "Bundesliga 9798"]
[Source "DeepChess"]
[SourceDate "2005.01.01"]
[SourceVersion "1"]
[SourceVersionDate "2005.01.01"]
[SourceQuality "1"]
[WhiteTeam "Hamburger SK 1830 e.V."]
[BlackTeam "SF Neukoelln 03 e.V."]
[WhiteTeamCountry "GER"]
[BlackTeamCountry "GER"]

1. Nf3 g6 2. e4 c5 3. c4 Nc6 4. d4 cxd4 5. Nxd4 Bg7 6. Be3 Nf6 7. Nc3 d6 8. Be2
O-O 9. O-O Bd7 10. Qd2 Nxd4 11. Bxd4 Bc6 12. f3 a5 13. b3 Nd7 14. Bf2 Nc5 15.
Rab1 Qc7 16. Rfd1 Rfc8 17. Nd5 Bxd5 18. cxd5 Qd7 19. a4 Qd8 20. Bb5 Qf8 21. Bd4
Bxd4+ 22. Qxd4 Qg7 23. Qxg7+ Kxg7 24. b4 axb4 25. Rxb4 g5 26. Kf2 Rc7 27. Ke3
Rac8 28. Rd2 Rf8 29. Kd4 f6 30. Re2 Kf7 31. Re1 Rg8 32. Re2 Rcc8 33. g3 Rg7 34.
Ra2 Rgg8 35. Re2 Rc7 36. Ra2 Rgc8 37. Ke3 Rg8 38. Rf2 Rcc8 39. Rc2 Rc7 40. Rbc4
Rgc8 41. R4c3 Ra8 42. Rc4 h6 43. Rc1 Rcc8 44. R1c2 Ra5 45. Rb2 Rca8 46. Rbb4 h5
47. Kd4 Rc8 1/2-1/2

[Event "Bundesliga 9798"]
[Site "Deutschland"]
[Date "1998.??.??"]
[Round "?.8"]
[White "Thiede, Lars"]
[Black "Gustafsson, Jan"]
[Result "1/2-1/2"]
[WhiteElo "2335"]
[BlackElo "2375"]
[PlyCount "48"]
[EventDate "1997.10.??"]
[EventType "team"]
[EventRounds "15"]
[EventCountry "GER"]
[SourceTitle "Bundesliga 9798"]
[Source "DeepChess"]
[SourceDate "2005.01.01"]
[SourceVersion "1"]
[SourceVersionDate "2005.01.01"]
[SourceQuality "1"]
[WhiteTeam "SF Neukoelln 03 e.V."]
[BlackTeam "Hamburger SK 1830 e.V."]
[WhiteTeamCountry "GER"]
[BlackTeamCountry "GER"]

1. g3 e5 2. c4 Nf6 3. Bg2 d5 4. cxd5 Nxd5 5. Nc3 Nb6 6. Nf3 Nc6 7. O-O Be7 8.
a3 O-O 9. b4 Be6 10. Rb1 f6 11. d3 a5 12. b5 Nd4 13. e3 Nxf3+ 14. Bxf3 Nd5 15.
Qb3 Nf4 16. Qc2 Qxd3 17. Qxd3 Nxd3 18. Bxb7 Rad8 19. e4 Bh3 20. Bd5+ Kh8 21.
Rd1 Nxc1 22. Rdxc1 Bxa3 23. Rc2 Bc5 24. Na4 Bb6 1/2-1/2

[Event "Bundesliga 9798"]
[Site "Deutschland"]
[Date "1997.??.??"]
[Round "?.1"]
[White "Adams, Michael"]
[Black "Ftacnik, Lubomir"]
[Result "1/2-1/2"]
[WhiteElo "2680"]
[BlackElo "2585"]
[PlyCount "127"]
[EventDate "1997.10.??"]
[EventType "team"]
[EventRounds "15"]
[EventCountry "GER"]
[SourceTitle "Bundesliga 9798"]
[Source "DeepChess"]
[SourceDate "2005.01.01"]
[SourceVersion "1"]
[SourceVersionDate "2005.01.01"]
[SourceQuality "1"]
[WhiteTeam "SG 1868 Aljech. Solingen"]
[BlackTeam "Hamburger SK 1830 e.V."]
[WhiteTeamCountry "GER"]
[BlackTeamCountry "GER"]

1. e4 d6 2. d4 Nf6 3. Nc3 g6 4. Be3 c6 5. Qd2 b5 6. Bd3 e5 7. dxe5 dxe5 8. Nf3
Nbd7 9. h3 Bb7 10. O-O a6 11. a4 Bg7 12. Ne2 O-O 13. Ng3 Qe7 14. Bh6 Rfe8 15.
Rfd1 Nc5 16. Bxg7 Kxg7 17. Qg5 Kh8 18. b3 Nfd7 19. Qe3 Rad8 20. Bf1 f6 21. h4
Ne6 22. h5 Nf4 23. Nh4 Nf8 24. hxg6 hxg6 25. Ne2 Rxd1 26. Rxd1 Rd8 27. Rxd8
Qxd8 28. Nxf4 exf4 29. Qa7 Qc7 30. axb5 cxb5 31. c4 g5 32. Nf5 Ne6 33. cxb5
axb5 34. Qa1 Qe5 35. Qxe5 fxe5 36. Nd6 Bc6 37. Bxb5 Bxb5 38. Nxb5 Nc5 39. Nd6
Nxb3 40. Nf7+ Kg7 41. Nxe5 Nc5 42. f3 Kf6 43. Ng4+ Kg6 44. Kf1 Kh5 45. Ne5 Kh4
46. Kf2 Kh5 47. Ke2 Kh4 48. Nd3 Ne6 49. Kf2 Kh5 50. Ne5 Nc5 51. g3 fxg3+ 52.
Kxg3 Ne6 53. Kf2 Kh4 54. Ke3 Kg3 55. Ng6 Ng7 56. Ne5 Ne6 57. Nd3 Kh4 58. e5 g4
59. f4 g3 60. f5 g2 61. Kf2 Kh3 62. Ne1 Nf4 63. Nxg2 Nd3+ 64. Ke3 1/2-1/2

[Event "Bundesliga 9798"]
[Site "Deutschland"]
[Date "1997.??.??"]
[Round "?.3"]
[White "Piket, Jeroen"]
[Black "Kempinski, Robert"]
[Result "1-0"]
[WhiteElo "2630"]
[BlackElo "2530"]
[PlyCount "49"]
[EventDate "1997.10.??"]
[EventType "team"]
[EventRounds "15"]
[EventCountry "GER"]
[SourceTitle "Bundesliga 9798"]
[Source "DeepChess"]
[SourceDate "2005.01.01"]
[SourceVersion "1"]
[SourceVersionDate "2005.01.01"]
[SourceQuality "1"]
[WhiteTeam "SG 1868 Aljech. Solingen"]
[BlackTeam "Hamburger SK 1830 e.V."]
[WhiteTeamCountry "GER"]
[BlackTeamCountry "GER"]

1. d4 Nf6 2. c4 g6 3. Nc3 Bg7 4. e4 d6 5. f3 O-O 6. Be3 Nbd7 7. Nge2 c5 8. d5
a6 9. Ng3 Ne8 10. Be2 e6 11. dxe6 fxe6 12. Qd2 h5 13. O-O Qe7 14. f4 h4 15. Nh1
Nb8 16. Nf2 Nc6 17. Bd3 Kh7 18. e5 dxe5 19. Nce4 Nd4 20. fxe5 Bxe5 21. Ng4 Bg7
22. Bg5 Qc7 23. Rxf8 Bxf8 24. Nef6+ Nxf6 25. Nxf6+ 1-0

[Event "Bundesliga 9798"]
[Site "Deutschland"]
[Date "1997.??.??"]
[Round "?.4"]
[White "Mueller, Karsten"]
[Black "Gabriel, Christian"]
[Result "1-0"]
[WhiteElo "2505"]
[BlackElo "2575"]
[PlyCount "37"]
[EventDate "1997.10.??"]
[EventType "team"]
[EventRounds "15"]
[EventCountry "GER"]
[SourceTitle "Bundesliga 9798"]
[Source "DeepChess"]
[SourceDate "2005.01.01"]
[SourceVersion "1"]
[SourceVersionDate "2005.01.01"]
[SourceQuality "1"]
[WhiteTeam "Hamburger SK 1830 e.V."]
[BlackTeam "SG 1868 Aljech. Solingen"]
[WhiteTeamCountry "GER"]
[BlackTeamCountry "GER"]

1. e4 c5 2. Nf3 d6 3. d4 cxd4 4. Nxd4 Nf6 5. Nc3 Nc6 6. Bc4 Qb6 7. Nxc6 bxc6 8.
O-O e5 9. Bg5 Qxb2 10. Qd3 Qb6 11. Bxf6 gxf6 12. Nd5 Qd8 13. Rab1 Bh6 14. Nb4
Bd7 15. Qxd6 Bf8 16. Qd3 a5 17. Nd5 Be6 18. Rb7 Rc8 19. Rd1 1-0

[Event "Bundesliga 9798"]
[Site "Deutschland"]
[Date "1997.??.??"]
[Round "?.5"]
[White "Huebner, Robert"]
[Black "Heinemann, Thies"]
[Result "1/2-1/2"]
[WhiteElo "2580"]
[BlackElo "2450"]
[PlyCount "51"]
[EventDate "1997.10.??"]
[EventType "team"]
[EventRounds "15"]
[EventCountry "GER"]
[SourceTitle "Bundesliga 9798"]
[Source "DeepChess"]
[SourceDate "2005.01.01"]
[SourceVersion "1"]
[SourceVersionDate "2005.01.01"]
[SourceQuality "1"]
[WhiteTeam "SG 1868 Aljech. Solingen"]
[BlackTeam "Hamburger SK 1830 e.V."]
[WhiteTeamCountry "GER"]
[BlackTeamCountry "GER"]

1. d4 Nf6 2. Nf3 g6 3. g3 c5 4. d5 b5 5. Bg2 Bb7 6. c4 bxc4 7. Nc3 d6 8. Nd2
Nbd7 9. Nxc4 Bg7 10. O-O O-O 11. Re1 Ba6 12. Qa4 Bxc4 13. Qxc4 Rb8 14. Rb1 Qa5
15. Qa4 Qxa4 16. Nxa4 Nb6 17. Nxb6 Rxb6 18. e4 Nd7 19. Bf1 Rfb8 20. b3 a5 21.
Bf4 a4 22. Bc4 Ne5 23. Bxe5 Bxe5 24. Kg2 axb3 25. axb3 Ra8 26. Re2 1/2-1/2

[Event "Bundesliga 9798"]
[Site "Deutschland"]
[Date "1997.??.??"]
[Round "?.6"]
[White "Michaelsen, Nils"]
[Black "Chandler, Murray G"]
[Result "1/2-1/2"]
[WhiteElo "2430"]
[BlackElo "2555"]
[PlyCount "24"]
[EventDate "1997.10.??"]
[EventType "team"]
[EventRounds "15"]
[EventCountry "GER"]
[SourceTitle "Bundesliga 9798"]
[Source "DeepChess"]
[SourceDate "2005.01.01"]
[SourceVersion "1"]
[SourceVersionDate "2005.01.01"]
[SourceQuality "1"]
[WhiteTeam "Hamburger SK 1830 e.V."]
[BlackTeam "SG 1868 Aljech. Solingen"]
[WhiteTeamCountry "GER"]
[BlackTeamCountry "GER"]

1. d4 d5 2. c4 e6 3. Nf3 c5 4. cxd5 exd5 5. Nc3 Nc6 6. dxc5 d4 7. Na4 Bxc5 8.
Nxc5 Qa5+ 9. Qd2 Qxc5 10. e3 dxe3 11. Qxe3+ Qxe3+ 12. Bxe3 Nge7 1/2-1/2

[Event "Bundesliga 9798"]
[Site "Deutschland"]
[Date "1997.??.??"]
[Round "?.7"]
[White "Norwood, David"]
[Black "Loeffler, Stefan"]
[Result "1-0"]
[WhiteElo "2515"]
[BlackElo "2400"]
[PlyCount "135"]
[EventDate "1997.10.??"]
[EventType "team"]
[EventRounds "15"]
[EventCountry "GER"]
[SourceTitle "Bundesliga 9798"]
[Source "DeepChess"]
[SourceDate "2005.01.01"]
[SourceVersion "1"]
[SourceVersionDate "2005.01.01"]
[SourceQuality "1"]
[WhiteTeam "SG 1868 Aljech. Solingen"]
[BlackTeam "Hamburger SK 1830 e.V."]
[WhiteTeamCountry "GER"]
[BlackTeamCountry "GER"]

1. Nf3 d5 2. g3 c5 3. c4 d4 4. Ne5 Qc7 5. Qa4+ Nd7 6. Nd3 h5 7. Bg2 h4 8. b4
cxb4 9. Nxb4 Ngf6 10. Na3 Rh5 11. Nb5 Qxc4 12. Na3 Qc7 13. Na6 bxa6 14. Bxa8
Bb7 15. Bxb7 Qxb7 16. O-O hxg3 17. fxg3 d3 18. e3 Rc5 19. Rb1 Qc8 20. Bb2 e5
21. Rbc1 Qb7 22. Rxc5 Bxc5 23. Bxe5 Ne4 24. Rb1 Qd5 25. Bd4 Nxd2 26. Rb8+ Ke7
27. Bxc5+ Nxc5 28. Qe8+ Kf6 29. Qd8+ Qxd8 30. Rxd8 Ke5 31. Kf2 g5 32. h4 Nde4+
33. Kg2 Nd6 34. h5 d2 35. Rxd6 Kxd6 36. Nc4+ Ke6 37. Nxd2 g4 38. e4 Kf6 39. Kf2
Kg5 40. Ke3 Ne6 41. Nc4 Kxh5 42. Ne5 Nd8 43. Kf4 f6 44. Nd7 Ne6+ 45. Kf5 Nd4+
46. Kxf6 Ne2 47. e5 Nxg3 48. e6 Kh6 49. e7 Nh5+ 50. Kf7 Ng7 51. Nf6 g3 52. Ng4+
Kh7 53. Ne3 Kh6 54. a4 a5 55. Kf8 Kh7 56. Ng2 Ne6+ 57. Kf7 Ng7 58. Nh4 Kh6 59.
Kg8 Ne8 60. Nf5+ Kg5 61. Nxg3 Kf6 62. Kf8 Nc7 63. Ne4+ Ke5 64. Nc5 Kf6 65. e8=Q
Nxe8 66. Kxe8 Ke5 67. Kd7 Kd5 68. Na6 1-0